| 000 | 01098nam a2200289 i 4500 | ||
|---|---|---|---|
| 001 | 12238 | ||
| 003 | ES-MaACL | ||
| 005 | 20250818232002.0 | ||
| 007 | t| | ||
| 008 | 881013s1987 sp ||||0| spa j ..| | ||
| 015 | _a1988-NOV-22223 | ||
| 016 | 7 | _zSAB9000030145 | |
| 020 | _a84-85942-45-0 | ||
| 040 |
_aM-BN-DP _bspa _cM-BN-DP |
||
| 080 | _a930.255(468.11 S.) | ||
| 100 | 1 |
_aRubio Merino, Pedro. _9100430 |
|
| 245 | 1 | 0 |
_aArchivo de la Santa Metropolitana y Patriarcal Iglesia Catedral de Sevilla _b: inventario general / _cPedro Rubio Merino ; prólogo de Francisco Morales Padrón ; preámbulo del Fondo Histórico General, Manuel González Jiménez. |
| 260 |
_aMadrid : _bFundación Ramón Areces, _c1987. |
||
| 300 |
_a532 p : _bil ; _c25 cm. |
||
| 504 | _aIndice. | ||
| 610 | 2 | 7 |
_aCatedral de Sevilla. Archivo Capitular- _vCatálogos. _92527 |
| 700 | 1 |
_aMorales Padrón, Francisco, _d1924-2010 _983066 |
|
| 700 | 1 |
_aGonzález Jiménez, Manuel. _958734 |
|
| 710 | 2 |
_aFundación Ramón Areces _94401 |
|
| 852 |
_aES-MaACL _jL-19640 _bR.123930 |
||
| 999 |
_c12238 _d12238 |
||